[Event "Hull 4NCL International GM Event"]
[Site "Hull"]
[Date "2019.11.02"]
[Round "7"]
[Board "4"]
[White "Haria, Ravi"]
[Black "Turner, Matthew J"]
[Result "1/2-1/2"]
[WhiteElo "2463"]
[BlackElo "2519"]
[PlyCount "0"]
[EventDate "2019.10.30"]
[EventRounds "9"]
[EventCountry "ENG"]

1. e4 {[%clk 01:30:56]} {[%emt 00:00:03]} e5 {[%clk 01:30:48]} {[%emt
00:00:13]} 2. Nf3 {[%clk 01:31:19]} {[%emt 00:00:06]} Nc6 {[%clk 01:31:13]}
{[%emt 00:00:06]} 3. Bc4 {[%clk 01:31:44]} {[%emt 00:00:05]} Bc5 {[%clk
01:31:18]} {[%emt 00:00:25]} 4. c3 {[%clk 01:31:53]} {[%emt 00:00:21]} Nf6
{[%clk 01:31:36]} {[%emt 00:00:12]} 5. d3 {[%clk 01:32:16]} {[%emt 00:00:06]}
d6 {[%clk 01:31:21]} {[%emt 00:00:46]} 6. O-O {[%clk 01:32:39]} {[%emt
00:00:07]} Bb6 {[%clk 01:31:02]} {[%emt 00:00:50]} 7. a4 {[%clk 01:31:04]}
{[%emt 00:02:04]} h6 {[%clk 01:29:27]} {[%emt 00:02:05]} 8. Nbd2 {[%clk
01:29:44]} {[%emt 00:01:51]} O-O {[%clk 01:29:06]} {[%emt 00:00:51]} 9. Re1
{[%clk 01:28:36]} {[%emt 00:01:37]} a6 {[%clk 01:27:39]} {[%emt 00:01:57]} 10.
Nf1 {[%clk 01:26:54]} {[%emt 00:02:11]} Ne7 {[%clk 01:24:52]} {[%emt 00:03:17]}
11. a5 {[%clk 01:25:54]} {[%emt 00:01:30]} Ba7 {[%clk 01:25:08]} {[%emt
00:00:14]} 12. Ng3 {[%clk 01:22:23]} {[%emt 00:04:01]} Ng6 {[%clk 01:24:02]}
{[%emt 00:01:37]} 13. h3 {[%clk 01:21:20]} {[%emt 00:01:33]} c6 {[%clk
01:23:06]} {[%emt 00:01:26]} 14. Bb3 {[%clk 01:20:52]} {[%emt 00:00:58]} d5
{[%clk 01:18:24]} {[%emt 00:05:13]} 15. exd5 {[%clk 01:19:12]} {[%emt
00:02:10]} Nxd5 {[%clk 01:18:43]} {[%emt 00:00:11]} 16. d4 {[%clk 01:18:54]}
{[%emt 00:00:47]} exd4 {[%clk 01:17:29]} {[%emt 00:01:44]} 17. Nxd4 {[%clk
01:17:58]} {[%emt 00:01:26]} Ndf4 {[%clk 01:15:55]} {[%emt 00:02:05]} 18. Bxf4
{[%clk 00:54:38]} {[%emt 00:23:50]} Nxf4 {[%clk 01:13:32]} {[%emt 00:02:53]} 19.
Qf3 {[%clk 00:52:53]} {[%emt 00:02:14]} Ng6 {[%clk 01:02:49]} {[%emt 00:11:13]}
20. Re4 {[%clk 00:44:19]} {[%emt 00:09:04]} Qc7 {[%clk 00:58:24]} {[%emt
00:04:56]} 21. Rae1 {[%clk 00:38:46]} {[%emt 00:06:02]} Bxd4 {[%clk 00:55:36]}
{[%emt 00:03:18]} 22. cxd4 {[%clk 00:37:45]} {[%emt 00:01:31]} Qxa5 {[%clk
00:51:58]} {[%emt 00:04:08]} 23. h4 {[%clk 00:21:06]} {[%emt 00:17:08]} Be6
{[%clk 00:49:38]} {[%emt 00:02:50]} 24. h5 {[%clk 00:19:10]} {[%emt 00:02:25]}
Ne7 {[%clk 00:39:00]} {[%emt 00:11:08]} 25. Bxe6 {[%clk 00:15:41]} {[%emt
00:03:59]} fxe6 {[%clk 00:39:25]} {[%emt 00:00:05]} 26. Qg4 {[%clk 00:16:06]}
{[%emt 00:00:05]} Nf5 {[%clk 00:38:08]} {[%emt 00:01:47]} 27. Rxe6 {[%clk
00:15:44]} {[%emt 00:00:53]} Nxg3 {[%clk 00:38:24]} {[%emt 00:00:14]} 28. Qxg3
{[%clk 00:09:19]} {[%emt 00:06:54]} Qxh5 {[%clk 00:35:16]} {[%emt 00:03:39]} 29.
Re7 {[%clk 00:08:38]} {[%emt 00:01:11]} Rf7 {[%clk 00:34:38]} {[%emt 00:01:09]}
30. R7e5 {[%clk 00:06:44]} {[%emt 00:02:24]} Rf5 {[%clk 00:34:18]} {[%emt
00:00:50]} 31. Re7 {[%clk 00:03:51]} {[%emt 00:03:22]} Rf7 {[%clk 00:34:35]}
{[%emt 00:00:13]} 32. R7e5 {[%clk 00:03:32]} {[%emt 00:00:49]} Rf5 {[%clk
00:34:54]} {[%emt 00:00:12]} 33. Re7 {[%clk 00:03:58]} {[%emt 00:00:04]}
 1/2-1/2

[Event "Hull 4NCL International GM Event"]
[Site "Hull"]
[Date "2019.11.02"]
[Round "7"]
[Board "5"]
[White "Gonda, Laszlo"]
[Black "Harvey, Marcus R"]
[Result "1/2-1/2"]
[WhiteElo "2541"]
[BlackElo "2405"]
[PlyCount "0"]
[EventDate "2019.10.30"]
[EventRounds "9"]
[EventCountry "ENG"]

1. Nf3 {[%clk 01:30:58]} {[%emt 00:00:02]} Nf6 {[%clk 01:30:50]} {[%emt
00:00:10]} 2. g3 {[%clk 01:31:22]} {[%emt 00:00:05]} b6 {[%clk 01:31:08]}
{[%emt 00:00:13]} 3. Bg2 {[%clk 01:31:44]} {[%emt 00:00:08]} Bb7 {[%clk
01:31:33]} {[%emt 00:00:05]} 4. c4 {[%clk 01:31:16]} {[%emt 00:00:58]} e6
{[%clk 01:31:57]} {[%emt 00:00:07]} 5. O-O {[%clk 01:28:57]} {[%emt 00:02:49]}
c5 {[%clk 01:32:24]} {[%emt 00:00:03]} 6. Nc3 {[%clk 01:28:03]} {[%emt
00:01:23]} Be7 {[%clk 01:32:32]} {[%emt 00:00:22]} 7. b3 {[%clk 01:26:04]}
{[%emt 00:02:30]} d5 {[%clk 01:31:14]} {[%emt 00:01:47]} 8. e3 {[%clk
01:26:16]} {[%emt 00:00:18]} dxc4 {[%clk 01:28:58]} {[%emt 00:02:47]} 9. bxc4
{[%clk 01:26:43]} {[%emt 00:00:03]} Ne4 {[%clk 01:28:18]} {[%emt 00:01:10]} 10.
Nxe4 {[%clk 01:12:30]} {[%emt 00:14:43]} Bxe4 {[%clk 01:28:42]} {[%emt
00:00:05]} 11. Ne5 {[%clk 01:12:54]} {[%emt 00:00:06]} Bxg2 {[%clk 01:28:39]}
{[%emt 00:00:33]} 12. Kxg2 {[%clk 01:13:23]} {[%emt 00:00:02]} Bf6 {[%clk
01:26:40]} {[%emt 00:02:29]} 13. Bb2 {[%clk 01:13:06]} {[%emt 00:00:47]} Nd7
{[%clk 01:25:39]} {[%emt 00:01:30]} 14. Qa4 {[%clk 01:07:19]} {[%emt 00:06:17]}
Qc7 {[%clk 01:10:00]} {[%emt 00:16:10]} 15. Nxd7 {[%clk 01:02:12]} {[%emt
00:05:37]}  1/2-1/2

[Event "Hull 4NCL International GM Event"]
[Site "Hull"]
[Date "2019.11.03"]
[Round "8"]
[Board "1"]
[White "Merry, Alan B"]
[Black "Harvey, Marcus R"]
[Result "1-0"]
[WhiteElo "2426"]
[BlackElo "2405"]
[PlyCount "0"]
[EventDate "2019.10.30"]
[EventRounds "9"]
[EventCountry "ENG"]

1. e4 {[%clk 01:30:59]} c6 {[%clk 01:17:53]} {[%emt 00:13:08]} 2. d4 {[%clk
01:31:05]} {[%emt 00:00:24]} d5 {[%clk 01:18:07]} {[%emt 00:00:16]} 3. Nd2
{[%clk 01:31:15]} {[%emt 00:00:20]} dxe4 {[%clk 01:18:31]} {[%emt 00:00:05]} 4.
Nxe4 {[%clk 01:31:42]} {[%emt 00:00:03]} Nf6 {[%clk 01:18:56]} {[%emt
00:00:06]} 5. Nxf6+ {[%clk 01:32:07]} {[%emt 00:00:05]} exf6 {[%clk 01:19:22]}
{[%emt 00:00:04]} 6. c3 {[%clk 01:32:32]} {[%emt 00:00:06]} Bd6 {[%clk
01:19:49]} {[%emt 00:00:03]} 7. Bd3 {[%clk 01:32:58]} {[%emt 00:00:03]} O-O
{[%clk 01:20:15]} {[%emt 00:00:04]} 8. Qc2 {[%clk 01:33:22]} {[%emt 00:00:07]}
Re8+ {[%clk 01:20:41]} {[%emt 00:00:03]} 9. Ne2 {[%clk 01:33:49]} {[%emt
00:00:04]} h5 {[%clk 01:21:09]} {[%emt 00:00:02]} 10. Be3 {[%clk 01:33:26]}
{[%emt 00:00:52]} Nd7 {[%clk 01:21:07]} {[%emt 00:00:32]} 11. O-O-O {[%clk
01:31:38]} {[%emt 00:02:18]} Nf8 {[%clk 01:21:04]} {[%emt 00:00:34]} 12. h3
{[%clk 01:28:16]} {[%emt 00:03:52]} Be6 {[%clk 01:21:19]} {[%emt 00:00:15]} 13.
g4 {[%clk 01:22:10]} {[%emt 00:06:36]} h4 {[%clk 01:21:44]} {[%emt 00:00:05]}
14. Kb1 {[%clk 01:17:14]} {[%emt 00:05:27]} b5 {[%clk 01:21:23]} {[%emt
00:00:51]} 15. Rhg1 {[%clk 01:16:13]} {[%emt 00:01:30]} Bh2 {[%clk 01:20:34]}
{[%emt 00:01:20]} 16. Rge1 {[%clk 01:09:29]} {[%emt 00:07:14]} Bd5 {[%clk
01:20:27]} {[%emt 00:00:37]} 17. Qd2 {[%clk 01:02:34]} {[%emt 00:07:25]} Bf3
{[%clk 01:15:27]} {[%emt 00:05:29]} 18. Rc1 {[%clk 00:57:40]} {[%emt 00:05:24]}
Qd5 {[%clk 01:12:49]} {[%emt 00:03:09]} 19. Ng1 {[%clk 00:52:07]} {[%emt
00:06:03]} Be4 {[%clk 01:12:19]} {[%emt 00:01:01]} 20. Ka1 {[%clk 00:50:23]}
{[%emt 00:02:14]} Bxd3 {[%clk 01:12:10]} {[%emt 00:00:39]} 21. Qxd3 {[%clk
00:50:51]} {[%emt 00:00:02]} Bxg1 {[%clk 01:11:38]} {[%emt 00:01:02]} 22. Rxg1
{[%clk 00:51:20]} {[%emt 00:00:01]} Qe4 {[%clk 01:07:04]} {[%emt 00:05:04]} 23.
Qxe4 {[%clk 00:45:33]} {[%emt 00:06:17]} Rxe4 {[%clk 01:07:29]} {[%emt
00:00:05]} 24. c4 {[%clk 00:44:06]} {[%emt 00:01:57]} Ne6 {[%clk 01:07:39]}
{[%emt 00:00:21]} 25. cxb5 {[%clk 00:41:07]} {[%emt 00:03:29]} cxb5 {[%clk
01:07:45]} {[%emt 00:00:23]} 26. d5 {[%clk 00:40:34]} {[%emt 00:01:02]} Nf4
{[%clk 00:50:39]} {[%emt 00:17:37]} 27. Rgd1 {[%clk 00:34:05]} {[%emt
00:06:59]} Ng2 {[%clk 00:39:39]} {[%emt 00:11:30]} 28. Bc5 {[%clk 00:24:03]}
{[%emt 00:10:32]} Rd8 {[%clk 00:37:52]} {[%emt 00:02:17]} 29. d6 {[%clk
00:19:51]} {[%emt 00:04:42]} Rd7 {[%clk 00:36:57]} {[%emt 00:01:26]} 30. Bxa7
{[%clk 00:20:07]} {[%emt 00:00:14]} Re6 {[%clk 00:33:51]} {[%emt 00:03:36]} 31.
Rc8+ {[%clk 00:18:40]} {[%emt 00:01:56]} Kh7 {[%clk 00:33:49]} {[%emt
00:00:32]} 32. Bc5 {[%clk 00:19:05]} {[%emt 00:00:05]} Nf4 {[%clk 00:33:18]}
{[%emt 00:01:02]} 33. Kb1 {[%clk 00:14:19]} {[%emt 00:05:15]} Nxh3 {[%clk
00:26:16]} {[%emt 00:07:33]} 34. Rc7 {[%clk 00:14:00]} {[%emt 00:00:48]} Nxf2
{[%clk 00:23:34]} {[%emt 00:03:12]} 35. Rxd7 {[%clk 00:11:18]} {[%emt
00:03:12]} Nxd1 {[%clk 00:23:59]} {[%emt 00:00:05]} 36. Re7 {[%clk 00:11:45]}
{[%emt 00:00:02]} Rxd6 {[%clk 00:16:20]} {[%emt 00:08:10]} 37. Bxd6 {[%clk
00:12:08]} {[%emt 00:00:07]} Nf2 {[%clk 00:16:48]} {[%emt 00:00:02]} 38. b3
{[%clk 00:11:30]} {[%emt 00:01:08]} Nxg4 {[%clk 00:17:07]} {[%emt 00:00:10]} 39.
a4 {[%clk 00:11:50]} {[%emt 00:00:10]} bxa4 {[%clk 00:17:33]} {[%emt 00:00:05]}
40. bxa4 {[%clk 00:12:16]} {[%emt 00:00:03]} f5 {[%clk 00:14:11]} {[%emt
00:03:53]} 41. a5 {[%clk 00:12:28]} {[%emt 00:00:17]} Nf6 {[%clk 00:14:34]}
{[%emt 00:00:08]} 42. a6 {[%clk 00:12:33]} {[%emt 00:00:25]} Nd5 {[%clk
00:14:58]} {[%emt 00:00:06]} 43. a7 {[%clk 00:12:47]} {[%emt 00:00:17]} Nb6
{[%clk 00:12:42]} {[%emt 00:02:47]} 44. Rb7 {[%clk 00:12:24]} {[%emt 00:00:52]}
Nc8 {[%clk 00:09:52]} {[%emt 00:03:21]} 45. a8=Q {[%clk 00:12:43]} {[%emt
00:00:10]} Nxd6 {[%clk 00:10:20]} {[%emt 00:00:02]} 46. Rb4 {[%clk 00:12:45]}
{[%emt 00:00:28]} h3 {[%clk 00:09:38]} {[%emt 00:01:12]} 47. Rh4+ {[%clk
00:13:10]} {[%emt 00:00:05]} Kg6 {[%clk 00:10:04]} {[%emt 00:00:04]} 48. Rxh3
{[%clk 00:13:08]} {[%emt 00:00:31]} Ne4 {[%clk 00:10:27]} {[%emt 00:00:08]} 49.
Kc2 {[%clk 00:13:26]} {[%emt 00:00:12]} Kg5 {[%clk 00:10:48]} {[%emt 00:00:09]}
50. Qg8 {[%clk 00:13:16]} {[%emt 00:00:39]} Kg4 {[%clk 00:11:10]} {[%emt
00:00:09]} 51. Rh7 {[%clk 00:13:26]} {[%emt 00:00:20]} g5 {[%clk 00:11:27]}
{[%emt 00:00:14]} 52. Rxf7 {[%clk 00:13:35]} {[%emt 00:00:20]} Nd6 {[%clk
00:11:36]} {[%emt 00:00:21]} 53. Rf8 {[%clk 00:13:44]} {[%emt 00:00:21]} Ne4
{[%clk 00:11:55]} {[%emt 00:00:11]} 54. Qe6 {[%clk 00:13:00]} {[%emt 00:01:13]}
Ng3 {[%clk 00:12:21]} {[%emt 00:00:05]} 55. Rxf5 {[%clk 00:13:16]} {[%emt
00:00:14]} Nxf5 {[%clk 00:12:45]} {[%emt 00:00:06]} 56. Qe4+ {[%clk 00:13:44]}
{[%emt 00:00:02]}  1-0

[Event "Hull 4NCL International GM Event"]
[Site "Hull"]
[Date "2019.11.03"]
[Round "8"]
[Board "2"]
[White "Turner, Matthew J"]
[Black "Gonda, Laszlo"]
[Result "1/2-1/2"]
[WhiteElo "2519"]
[BlackElo "2541"]
[PlyCount "0"]
[EventDate "2019.10.30"]
[EventRounds "9"]
[EventCountry "ENG"]

1. e4 {[%clk 01:30:55]} {[%emt 00:00:05]} c5 {[%clk 01:30:14]} {[%emt
00:00:47]} 2. c3 {[%clk 01:31:01]} {[%emt 00:00:24]} d5 {[%clk 01:30:38]}
{[%emt 00:00:06]} 3. exd5 {[%clk 01:31:26]} {[%emt 00:00:05]} Qxd5 {[%clk
01:31:05]} {[%emt 00:00:04]} 4. d4 {[%clk 01:31:37]} {[%emt 00:00:19]} Nf6
{[%clk 01:31:29]} {[%emt 00:00:06]} 5. Nf3 {[%clk 01:31:31]} {[%emt 00:00:36]}
e6 {[%clk 01:31:56]} {[%emt 00:00:02]} 6. Be3 {[%clk 01:31:05]} {[%emt
00:00:57]} Nc6 {[%clk 01:30:39]} {[%emt 00:01:47]} 7. Na3 {[%clk 01:29:10]}
{[%emt 00:02:25]} cxd4 {[%clk 01:30:05]} {[%emt 00:01:04]} 8. Nb5 {[%clk
01:29:10]} {[%emt 00:00:30]} Qd8 {[%clk 01:30:27]} {[%emt 00:00:07]} 9. Nbxd4
{[%clk 01:24:01]} {[%emt 00:05:40]} Nd5 {[%clk 01:30:51]} {[%emt 00:00:06]} 10.
Bg5 {[%clk 01:23:33]} {[%emt 00:00:57]} f6 {[%clk 01:31:09]} {[%emt 00:00:12]}
11. Bh4 {[%clk 01:22:16]} {[%emt 00:01:48]}  1/2-1/2

[Event "Hull 4NCL International GM Event"]
[Site "Hull"]
[Date "2019.11.03"]
[Round "8"]
[Board "3"]
[White "Plat, Vojtech"]
[Black "Haria, Ravi"]
[Result "1-0"]
[WhiteElo "2573"]
[BlackElo "2463"]
[PlyCount "0"]
[EventDate "2019.10.30"]
[EventRounds "9"]
[EventCountry "ENG"]

1. d4 {[%clk 01:30:56]} {[%emt 00:00:03]} e6 {[%clk 01:30:55]} {[%emt
00:00:06]} 2. Nf3 {[%clk 01:31:18]} {[%emt 00:00:08]} Nf6 {[%clk 01:31:20]}
{[%emt 00:00:05]} 3. Bf4 {[%clk 01:31:27]} {[%emt 00:00:20]} c5 {[%clk
01:30:52]} {[%emt 00:00:58]} 4. e3 {[%clk 01:31:53]} {[%emt 00:00:05]} Be7
{[%clk 01:29:25]} {[%emt 00:01:57]} 5. h3 {[%clk 01:32:16]} {[%emt 00:00:06]}
O-O {[%clk 01:29:05]} {[%emt 00:00:50]} 6. c3 {[%clk 01:32:35]} {[%emt
00:00:12]} b6 {[%clk 01:29:30]} {[%emt 00:00:06]} 7. Nbd2 {[%clk 01:33:00]}
{[%emt 00:00:04]} cxd4 {[%clk 01:29:47]} {[%emt 00:00:13]} 8. exd4 {[%clk
01:33:19]} {[%emt 00:00:11]} Bb7 {[%clk 01:30:08]} {[%emt 00:00:09]} 9. Bd3
{[%clk 01:33:44]} {[%emt 00:00:04]} d6 {[%clk 01:29:22]} {[%emt 00:01:15]} 10.
O-O {[%clk 01:34:09]} {[%emt 00:00:06]} Nbd7 {[%clk 01:29:14]} {[%emt
00:00:39]} 11. Re1 {[%clk 01:34:12]} {[%emt 00:00:27]} Re8 {[%clk 01:26:25]}
{[%emt 00:03:18]} 12. Bh2 {[%clk 01:33:07]} {[%emt 00:01:35]} Bf8 {[%clk
01:17:43]} {[%emt 00:09:12]} 13. Nc4 {[%clk 01:32:16]} {[%emt 00:01:21]} Qc7
{[%clk 01:17:20]} {[%emt 00:00:53]} 14. a4 {[%clk 01:32:41]} {[%emt 00:00:05]}
a6 {[%clk 01:16:17]} {[%emt 00:01:34]} 15. Ne3 {[%clk 01:30:40]} {[%emt
00:02:31]} Bc6 {[%clk 01:14:19]} {[%emt 00:02:28]} 16. Qe2 {[%clk 01:21:04]}
{[%emt 00:10:05]} Qb7 {[%clk 01:12:45]} {[%emt 00:02:05]} 17. Nc4 {[%clk
01:18:26]} {[%emt 00:03:09]} Qc7 {[%clk 01:05:47]} {[%emt 00:07:28]} 18. Ncd2
{[%clk 01:15:20]} {[%emt 00:03:36]} Qb7 {[%clk 01:04:05]} {[%emt 00:02:12]} 19.
b4 {[%clk 01:09:54]} {[%emt 00:05:56]} e5 {[%clk 00:45:13]} {[%emt 00:19:21]}
20. dxe5 {[%clk 01:09:48]} {[%emt 00:00:36]} dxe5 {[%clk 00:45:12]} {[%emt
00:00:32]} 21. Bc4 {[%clk 01:07:36]} {[%emt 00:02:42]} h6 {[%clk 00:28:53]}
{[%emt 00:16:48]} 22. Qf1 {[%clk 01:07:50]} {[%emt 00:00:16]} e4 {[%clk
00:28:20]} {[%emt 00:01:03]} 23. Nd4 {[%clk 01:07:52]} {[%emt 00:00:28]} Bd5
{[%clk 00:28:10]} {[%emt 00:00:39]} 24. Rad1 {[%clk 01:07:40]} {[%emt
00:00:42]} a5 {[%clk 00:25:16]} {[%emt 00:03:24]} 25. Bb5 {[%clk 01:08:07]}
{[%emt 00:00:03]} Qc8 {[%clk 00:21:29]} {[%emt 00:04:17]} 26. Rc1 {[%clk
01:05:59]} {[%emt 00:02:38]} Ne5 {[%clk 00:10:57]} {[%emt 00:11:01]} 27. Bxe8
{[%clk 01:06:10]} {[%emt 00:00:19]} Qxe8 {[%clk 00:11:22]} {[%emt 00:00:06]} 28.
Nb5 {[%clk 00:54:53]} {[%emt 00:11:47]} Rc8 {[%clk 00:09:49]} {[%emt 00:02:03]}
29. Bxe5 {[%clk 00:54:41]} {[%emt 00:00:42]} Qxe5 {[%clk 00:10:08]} {[%emt
00:00:10]} 30. c4 {[%clk 00:55:06]} {[%emt 00:00:05]} Bxb4 {[%clk 00:03:09]}
{[%emt 00:07:29]} 31. Nf3 {[%clk 00:55:33]} {[%emt 00:00:02]} Qf4 {[%clk
00:01:09]} {[%emt 00:02:30]} 32. cxd5 {[%clk 00:55:43]} {[%emt 00:00:21]} Rxc1
{[%clk 00:01:37]} {[%emt 00:00:02]} 33. Rxc1 {[%clk 00:56:07]} {[%emt
00:00:05]} exf3 {[%clk 00:02:02]} {[%emt 00:00:05]} 34. Rc8+ {[%clk 00:53:22]}
{[%emt 00:03:15]} Kh7 {[%clk 00:01:08]} {[%emt 00:01:25]} 35. Qd3+ {[%clk
00:52:46]} {[%emt 00:01:06]} g6 {[%clk 00:01:36]} {[%emt 00:00:02]} 36. d6
{[%clk 00:49:16]} {[%emt 00:04:01]} Bc5 {[%clk 00:00:44]} {[%emt 00:01:21]} 37.
Qxf3 {[%clk 00:49:08]} {[%emt 00:00:37]} Qc1+ {[%clk 00:00:59]} {[%emt
00:00:15]} 38. Kh2 {[%clk 00:49:38]} Kg7 {[%clk 00:01:07]} {[%emt 00:00:22]} 39.
g3 {[%clk 00:45:34]} {[%emt 00:04:34]} Qf1 {[%clk 00:01:22]} {[%emt 00:00:15]}
40. Rxc5 {[%clk 00:41:35]} {[%emt 00:04:29]} bxc5 {[%clk 00:01:44]} {[%emt
00:00:07]} 41. Qe3 {[%clk 00:42:00]} {[%emt 00:00:05]} Qc4 {[%clk 00:00:46]}
{[%emt 00:01:28]} 42. Nc7 {[%clk 00:42:00]} {[%emt 00:00:30]} Qxa4 {[%clk
00:00:38]} {[%emt 00:00:37]} 43. Qe7 {[%clk 00:40:45]} {[%emt 00:01:45]} Qd7
{[%clk 00:00:42]} {[%emt 00:00:26]} 44. Ne8+ {[%clk 00:41:10]} {[%emt
00:00:06]}  1-0